[Event "EU-chT Cities&Town op rapid"]
[Site "Tornelo INT"]
[Date "2023.01.29"]
[Round "1.3"]
[White "Dobronauteanu, Ion Serban"]
[Black "Halkias, Stelios"]
[Result "0-1"]
[WhiteElo "2189"]
[BlackElo "2516"]
[PlyCount "66"]
[EventDate "2023.01.29"]
[EventType "team-swiss (rapid)"]
[EventRounds "9"]
[EventCountry "NET"]
[SourceTitle "EXT 2024"]
[Source "ChessBase"]
[SourceDate "2023.10.10"]
[SourceVersion "1"]
[SourceVersionDate "2023.10.10"]
[SourceQuality "1"]
[WhiteTeam "Snagov"]
[BlackTeam "Athens Kallithea"]
[WhiteTeamCountry "ROU"]
[BlackTeamCountry "GRE"]

1. e4 c5 2. Nf3 Nc6 3. d4 cxd4 4. Nxd4 e5 5. Nxc6 bxc6 6. c4 Nf6 7. Nc3 Bc5 8. Be2 h6 9. 0-0 d6 10. Kh1 Rb8 11. f4 Bd4 12. Bf3 Be6 13. Qa4 Nd7 14. Qxc6 0-0 15. Nd5 Nc5 16. f5 Rc8 17. Qb5 a6 18. Qb4 Bxd5 19. exd5 Re8 20. Bg4 Qh4 21. Bh3 Ne4 22. Bd2 Nf2+ 23. Rxf2 Qxf2 24. f6 Rb8 25. Qxd6 Qxd2 26. fxg7 Qg5 27. Rf1 e4 28. Qc7 Qxg7 29. d6 e3 30. d7 Red8 31. Qd6 Rxb2 32. c5 e2 33. Re1 Bc3 0-1

[Event "EU-ch Cities&Town op"]
[Site "Tornelo INT"]
[Date "2023.01.29"]
[Round "?"]
[White "Sorm, Daniel"]
[Black "Dobronauteanu, Ion Serban"]
[Result "1-0"]
[WhiteElo "2302"]
[BlackElo "2189"]
[PlyCount "77"]
[EventDate "2023.01.29"]
[EventType "team-swiss"]
[EventRounds "9"]
[EventCountry "NET"]
[SourceTitle "CBM 212 Extra"]
[Source "ChessBase"]
[SourceDate "2023.03.31"]
[SourceVersion "1"]
[SourceVersionDate "2023.03.31"]
[SourceQuality "1"]
[WhiteTeam "Praha Seniors"]
[BlackTeam "Snagov"]
[WhiteTeamCountry "CZE"]
[BlackTeamCountry "ROU"]

1. d4 Nf6 2. c4 e6 3. Nc3 Bb4 4. e3 0-0 5. Bd3 d5 6. cxd5 exd5 7. Nge2 b6 8. 0-0 Ba6 9. Bxa6 Nxa6 10. Qa4 Qc8 11. Bd2 Rd8 12. Rac1 Qb7 13. Rfd1 Rac8 14. a3 Bf8 15. Be1 c6 16. b4 Nc7 17. Qb3 Ne6 18. f3 Qa6 19. a4 Bd6 20. b5 Qb7 21. bxc6 Qxc6 22. Nb5 Qd7 23. Nxd6 Qxd6 24. Bg3 Qd7 25. Nc3 h6 26. Rc2 Rc4 27. Nxd5 Rxa4 28. Nxf6+ gxf6 29. Bh4 Ng5 30. Rdc1 Ra5 31. Rc7 Qe8 32. Qd3 Qe6 33. e4 Ra2 34. Bg3 Ra4 35. d5 Qe8 36. h4 Ne6 37. R7c6 Nc5 38. Qe3 Rd7 39. Qxh6 1-0

[Event "EU-ch Cities&Town op"]
[Site "Tornelo INT"]
[Date "2023.01.29"]
[Round "?"]
[White "Zagar, Katarina"]
[Black "Dobronauteanu, Ion Serban"]
[Result "0-1"]
[WhiteElo "1153"]
[BlackElo "2189"]
[PlyCount "72"]
[EventDate "2023.01.29"]
[EventType "team-swiss"]
[EventRounds "9"]
[EventCountry "NET"]
[SourceTitle "CBM 212 Extra"]
[Source "ChessBase"]
[SourceDate "2023.03.31"]
[SourceVersion "1"]
[SourceVersionDate "2023.03.31"]
[SourceQuality "1"]
[WhiteTeam "Ljubljana Komenda"]
[BlackTeam "Snagov"]
[WhiteTeamCountry "SLO"]
[BlackTeamCountry "ROU"]

1. d4 Nf6 2. c4 d6 3. Nf3 g6 4. g3 Bg7 5. Bg2 0-0 6. 0-0 Nbd7 7. Nc3 e5 8. dxe5 dxe5 9. e4 c6 10. Bg5 Qc7 11. Qd2 Nc5 12. Rfe1 a5 13. Bh6 Be6 14. b3 Rfd8 15. Qg5 Rd3 16. Bxg7 Kxg7 17. Rac1 Ncd7 18. Nh4 h6 19. Nf5+ Bxf5 20. Qxf5 gxf5 21. exf5 Nc5 22. Ne4 Ncxe4 23. Bxe4 Nxe4 24. Rxe4 Rad8 25. Rg4+ Kh7 26. f6 Rd1+ 27. Rxd1 Rxd1+ 28. Kg2 c5 29. Rg7+ Kh8 30. h4 Qc6+ 31. Kh3 Qxf6 32. Rg4 Qxf2 33. Re4 Qf5+ 34. Rg4 h5 35. Kh2 hxg4 36. h5 Qf2# 0-1

[Event "Romania blitz online op final"]
[Site "Chess.com INT"]
[Date "2020.05.06"]
[Round "6"]
[White "Dobronauteanu, Ion Serban"]
[Black "Patru, Alexandra Ioana"]
[Result "0-1"]
[WhiteElo "2189"]
[BlackElo "1686"]
[PlyCount "46"]
[EventDate "2020.05.06"]
[EventType "swiss (blitz)"]
[EventRounds "9"]
[EventCountry "ROU"]
[SourceTitle "CBM 196 Extra"]
[Source "ChessBase"]
[SourceDate "2020.07.31"]
[SourceVersion "1"]
[SourceVersionDate "2020.07.31"]
[SourceQuality "1"]

1. e4 e5 2. Nf3 Nc6 3. d4 exd4 4. Nxd4 Nf6 5. Nxc6 bxc6 6. Bd3 Bc5 7. e5 Nd5 8. 0-0 0-0 9. Qh5 g6 10. Qh6 d6 11. Bg5 Qe8 12. c4 f6 13. exf6 Nxf6 14. Nd2 Ng4 15. Qh4 Rxf2 16. Kh1 Be6 17. Rfe1 Qf7 18. Ne4 Rxb2 19. Rf1 Nf2+ 20. Rxf2 Bxf2 21. Nf6+ Qxf6 22. Bxf6 Bxh4 23. Bxh4 Rf8 0-1

[Event "Decin op"]
[Site "Decin"]
[Date "1996.??.??"]
[Round "1"]
[White "Mirumian, Vigen"]
[Black "Dobronauteanu, Ion Serban"]
[Result "1/2-1/2"]
[WhiteElo "2430"]
[BlackElo "2230"]
[PlyCount "52"]
[EventDate "1996.??.??"]
[EventType "swiss"]
[EventRounds "9"]
[EventCountry "CZE"]
[SourceTitle "CBM 053 Extra"]
[Source "ChessBase"]
[SourceDate "1996.09.01"]
[SourceVersion "1"]
[SourceVersionDate "1996.09.01"]
[SourceQuality "1"]

1. e4 e6 2. d4 d5 3. Nc3 dxe4 4. Nxe4 Nd7 5. Nf3 Ngf6 6. Nxf6+ Nxf6 7. c3 Be7 8. Bd3 0-0 9. 0-0 b6 10. Bg5 Bb7 11. Qe2 h6 12. Bh4 Qd5 13. Bg3 c5 14. c4 Qd8 15. dxc5 Bxc5 16. Rad1 Qe7 17. Bh4 g5 18. Bg3 Nh5 19. Ne5 Nxg3 20. hxg3 Rad8 21. Be4 Bxe4 22. Qxe4 Rxd1 23. Rxd1 Rd8 24. Rxd8+ Qxd8 25. Qf3 Qe7 26. Qh5 Bxf2+ 1/2-1/2

[Event "Copenhagen Unibank"]
[Site "Copenhagen"]
[Date "1991.??.??"]
[Round "8"]
[White "Dobronauteanu, Ion Serban"]
[Black "Nielsen, Uffe Vinther"]
[Result "1/2-1/2"]
[WhiteElo "2220"]
[BlackElo "2300"]
[PlyCount "40"]
[EventDate "1991.07.??"]
[EventType "swiss"]
[EventRounds "9"]
[EventCountry "DEN"]
[SourceTitle "TD"]
[Source "ChessBase"]
[SourceDate "1994.03.01"]
[SourceVersion "1"]
[SourceVersionDate "1994.03.01"]
[SourceQuality "1"]

1. d4 Nf6 2. c4 c5 3. dxc5 e6 4. Nf3 Bxc5 5. e3 0-0 6. Be2 b6 7. 0-0 Bb7 8. Nbd2 d5 9. cxd5 Nxd5 10. Nb3 Be7 11. a3 Nd7 12. e4 N5f6 13. e5 Nd5 14. Bd3 Re8 15. Bd2 a6 16. Qe2 Nf8 17. Rac1 Ng6 18. g3 Qd7 19. Rfd1 Rec8 20. h4 Rxc1 1/2-1/2

[Event "Copenhagen Unibank"]
[Site "Copenhagen"]
[Date "1991.??.??"]
[Round "3"]
[White "Jorgensen, Brian Jorgen"]
[Black "Dobronauteanu, Ion Serban"]
[Result "1/2-1/2"]
[WhiteElo "2270"]
[BlackElo "2220"]
[PlyCount "43"]
[EventDate "1991.07.??"]
[EventType "swiss"]
[EventRounds "9"]
[EventCountry "DEN"]
[SourceTitle "TD"]
[Source "ChessBase"]
[SourceDate "1994.03.01"]
[SourceVersion "1"]
[SourceVersionDate "1994.03.01"]
[SourceQuality "1"]

1. e4 e6 2. d4 d5 3. Nc3 Nf6 4. Bg5 dxe4 5. Nxe4 Be7 6. Bxf6 gxf6 7. Nf3 b6 8. Bd3 Bb7 9. Qe2 Nd7 10. Rd1 c6 11. 0-0 Qc7 12. c3 0-0-0 13. a4 c5 14. dxc5 Nxc5 15. Nxc5 Bxc5 16. b4 Bd6 17. Ra1 Rhg8 18. a5 Bxh2+ 19. Kh1 Rd5 20. axb6 Rh5 21. bxc7 Bf4+ 22. Kg1 1/2-1/2